<?xml version="1.0" encoding="UTF-8"?>
<collection xmlns="http://www.loc.gov/MARC21/slim">
 <record>
  <leader>04730nam a22005175i 4500</leader>
  <controlfield tag="001">978-3-540-71274-9</controlfield>
  <controlfield tag="003">DE-He213</controlfield>
  <controlfield tag="005">20200701133033.0</controlfield>
  <controlfield tag="007">cr nn 008mamaa</controlfield>
  <controlfield tag="008">100301s2008    gw |    s    |||| 0|eng d</controlfield>
  <datafield tag="020" ind1=" " ind2=" ">
   <subfield code="a">9783540712749</subfield>
   <subfield code="9">978-3-540-71274-9</subfield>
  </datafield>
  <datafield tag="024" ind1="7" ind2=" ">
   <subfield code="a">10.1007/978-3-540-71274-9</subfield>
   <subfield code="2">doi</subfield>
  </datafield>
  <datafield tag="050" ind1=" " ind2="4">
   <subfield code="a">RC254-282</subfield>
  </datafield>
  <datafield tag="072" ind1=" " ind2="7">
   <subfield code="a">MJCL</subfield>
   <subfield code="2">bicssc</subfield>
  </datafield>
  <datafield tag="072" ind1=" " ind2="7">
   <subfield code="a">MED062000</subfield>
   <subfield code="2">bisacsh</subfield>
  </datafield>
  <datafield tag="072" ind1=" " ind2="7">
   <subfield code="a">MJCL</subfield>
   <subfield code="2">thema</subfield>
  </datafield>
  <datafield tag="082" ind1="0" ind2="4">
   <subfield code="a">616.994</subfield>
   <subfield code="2">23</subfield>
  </datafield>
  <datafield tag="245" ind1="1" ind2="0">
   <subfield code="a">Cancer and Pregnancy</subfield>
   <subfield code="h">[electronic resource] /</subfield>
   <subfield code="c">edited by A. Surbone, F. Peccatori, N. Pavlidis.</subfield>
  </datafield>
  <datafield tag="250" ind1=" " ind2=" ">
   <subfield code="a">1st ed. 2008.</subfield>
  </datafield>
  <datafield tag="264" ind1=" " ind2="1">
   <subfield code="a">Berlin, Heidelberg :</subfield>
   <subfield code="b">Springer Berlin Heidelberg :</subfield>
   <subfield code="b">Imprint: Springer,</subfield>
   <subfield code="c">2008.</subfield>
  </datafield>
  <datafield tag="300" ind1=" " ind2=" ">
   <subfield code="a">XII, 252 p. 25 illus., 4 illus. in color.</subfield>
   <subfield code="b">online resource.</subfield>
  </datafield>
  <datafield tag="336" ind1=" " ind2=" ">
   <subfield code="a">text</subfield>
   <subfield code="b">txt</subfield>
   <subfield code="2">rdacontent</subfield>
  </datafield>
  <datafield tag="337" ind1=" " ind2=" ">
   <subfield code="a">computer</subfield>
   <subfield code="b">c</subfield>
   <subfield code="2">rdamedia</subfield>
  </datafield>
  <datafield tag="338" ind1=" " ind2=" ">
   <subfield code="a">online resource</subfield>
   <subfield code="b">cr</subfield>
   <subfield code="2">rdacarrier</subfield>
  </datafield>
  <datafield tag="347" ind1=" " ind2=" ">
   <subfield code="a">text file</subfield>
   <subfield code="b">PDF</subfield>
   <subfield code="2">rda</subfield>
  </datafield>
  <datafield tag="490" ind1="1" ind2=" ">
   <subfield code="a">Recent Results in Cancer Research,</subfield>
   <subfield code="x">0080-0015 ;</subfield>
   <subfield code="v">178</subfield>
  </datafield>
  <datafield tag="505" ind1="0" ind2=" ">
   <subfield code="a">Why Is the Topic of Cancer and Pregnancy So Important? Why and How to Read this Book -- Prenatal Irradiation and Pregnancy: The Effects of Diagnostic Imaging and Radiation Therapy -- Maternal and Fetal Effects of Systemic Therapy in the Pregnant Woman with Cancer -- Breast Cancer During Pregnancy: Epidemiology, Surgical Treatment, and Staging -- Breast Cancer During Pregnancy: Medical Therapy and Prognosis -- Subsequent Pregnancy After Breast Cancer -- Cervical and Endometrial Cancer During Pregnancy -- Ovarian Cancers in Pregnancy -- Fertility After the Treatment of Gynecologic Tumors -- Leukaemia and Pregnancy -- Hodgkin and Non-Hodgkin Lymphomas During Pregnancy -- Pregnancy and Thyroid Cancer -- Gastrointestinal, Urologic and Lung Malignancies During Pregnancy -- Melanoma During Pregnancy: Epidemiology, Diagnosis, Staging, Clinical Picture -- Melanoma During Pregnancy: Therapeutic Management and Outcome -- Metastatic Involvement of Placenta and Foetus in Pregnant Women with Cancer -- The Obstetric Care of the Pregnant Woman with Cancer -- Fertility Issues and Options in Young Women with Cancer -- Psychooncologic Care in Young Women Facing Cancer and Pregnancy -- Counseling Young Cancer Patients About Reproductive Issues -- Psychosocial Issues in Young Women Facing Cancer and Pregnancy: The Role of Patient Advocacy.</subfield>
  </datafield>
  <datafield tag="520" ind1=" " ind2=" ">
   <subfield code="a">Te European School of Oncology is delighted to ber of female former cancer patients expected to see that the faculty of its course on cancer and have a successful pregnancy. pregnancy has succeeded—and in a remarkably Another group of individuals that deserves short time—in producing this greatly stimulat - our attention are women who have survived a ing book. childhood cancer and who should be managed Very few human and clinical situations en - by a multidisciplinary specialist team. Fort- compass such opposite extremes as pregnancy nately, many studies are underway and we hope and cancer, hope and fear, sometimes life and to soon have new insights into this extraord- death. narily complex issue. Any health professional who has been con- Te European School of Oncology is grateful fronted with this issue knows how difcult it is to Dr. A. Surbone for her successful coordin -a from the clinical viewpoint but also how chal- tion of our teaching course and for having taken lenging it is on the emotional side. the initiative to publish this book. We hope that In recent years the success of cancer medicine it will contribute to helping many children have has increased the number of survivors and the their mother cured of her cancer and be able to length of their survival, thus increasing the num- love them forever.</subfield>
  </datafield>
  <datafield tag="650" ind1=" " ind2="0">
   <subfield code="a">Oncology  .</subfield>
  </datafield>
  <datafield tag="650" ind1=" " ind2="0">
   <subfield code="a">Obstetrics.</subfield>
  </datafield>
  <datafield tag="650" ind1="1" ind2="4">
   <subfield code="a">Oncology.</subfield>
   <subfield code="0">https://scigraph.springernature.com/ontologies/product-market-codes/H33160</subfield>
  </datafield>
  <datafield tag="650" ind1="2" ind2="4">
   <subfield code="a">Obstetrics/Perinatology/Midwifery.</subfield>
   <subfield code="0">https://scigraph.springernature.com/ontologies/product-market-codes/H26014</subfield>
  </datafield>
  <datafield tag="700" ind1="1" ind2=" ">
   <subfield code="a">Surbone, A.</subfield>
   <subfield code="e">editor.</subfield>
   <subfield code="4">edt</subfield>
   <subfield code="4">http://id.loc.gov/vocabulary/relators/edt</subfield>
  </datafield>
  <datafield tag="700" ind1="1" ind2=" ">
   <subfield code="a">Peccatori, F.</subfield>
   <subfield code="e">editor.</subfield>
   <subfield code="4">edt</subfield>
   <subfield code="4">http://id.loc.gov/vocabulary/relators/edt</subfield>
  </datafield>
  <datafield tag="700" ind1="1" ind2=" ">
   <subfield code="a">Pavlidis, N.</subfield>
   <subfield code="e">editor.</subfield>
   <subfield code="4">edt</subfield>
   <subfield code="4">http://id.loc.gov/vocabulary/relators/edt</subfield>
  </datafield>
  <datafield tag="710" ind1="2" ind2=" ">
   <subfield code="a">SpringerLink (Online service)</subfield>
  </datafield>
  <datafield tag="773" ind1="0" ind2=" ">
   <subfield code="t">Springer Nature eBook</subfield>
  </datafield>
  <datafield tag="776" ind1="0" ind2="8">
   <subfield code="i">Printed edition:</subfield>
   <subfield code="z">9783642090363</subfield>
  </datafield>
  <datafield tag="776" ind1="0" ind2="8">
   <subfield code="i">Printed edition:</subfield>
   <subfield code="z">9783540836162</subfield>
  </datafield>
  <datafield tag="776" ind1="0" ind2="8">
   <subfield code="i">Printed edition:</subfield>
   <subfield code="z">9783540712725</subfield>
  </datafield>
  <datafield tag="830" ind1=" " ind2="0">
   <subfield code="a">Recent Results in Cancer Research,</subfield>
   <subfield code="x">0080-0015 ;</subfield>
   <subfield code="v">178</subfield>
  </datafield>
  <datafield tag="856" ind1="4" ind2="0">
   <subfield code="u">https://doi.org/10.1007/978-3-540-71274-9</subfield>
  </datafield>
  <datafield tag="912" ind1=" " ind2=" ">
   <subfield code="a">ZDB-2-SME</subfield>
  </datafield>
  <datafield tag="912" ind1=" " ind2=" ">
   <subfield code="a">ZDB-2-SXM</subfield>
  </datafield>
  <datafield tag="950" ind1=" " ind2=" ">
   <subfield code="a">Medicine (SpringerNature-11650)</subfield>
  </datafield>
  <datafield tag="950" ind1=" " ind2=" ">
   <subfield code="a">Medicine (R0) (SpringerNature-43714)</subfield>
  </datafield>
 </record>
</collection>
